Statistics for 50 Largest cities of Africa (on a map)

Click here to take the quiz!

General Stats

  • This quiz has been taken 78 times
  • The average score is 39 of 50

Answers on the Map

Answers color-coded by a green-red scale on the quiz's map according to % correct below.
 

Answer Stats

PopulationVillePays% Correct
24,4 mCairoEgypt
100%
4,6 mAddis-AbabaEthiopia
98%
4,3 mCasablancaMorocco
98%
22,8 mLagosNigeria
98%
9,2 mLuandaAngola
98%
2,4 mTripoliLibya
98%
5,3 mAlexandriaEgypt
97%
7,8 mAlgiersAlgeria
97%
4,0 mCape TownSouth Africa
97%
5,6 mDar es SalaamTanzania
97%
14,7 mGauteng (Johannesburg-Pretoria)South Africa
97%
12,6 mKinshasaDR Congo
97%
7,6 mNairobiKenya
97%
2,7 mTunisTunisia
97%
3,7 mDakarSenegal
95%
8,5 mKhartoumSudan
95%
2,2 mRabatMorocco
95%
4,7 mAbidjanIvory Coast
94%
5,4 mAccraGhana
94%
4,1 mKampalaUganda
92%
3,1 mLusakaZambia
92%
3,5 mHarareZimbabwe
91%
2,3 mMogadiscioSomalia
91%
3,2 mAntananarivoMadagascar
89%
3,7 mDurbanSouth Africa
89%
4,4 mBamakoMali
88%
1,8 mBrazzavilleCongo Republic
88%
5,0 mKanoNigeria
86%
2,8 mYaoundéCameroon
86%
1,6 mFreetownSierra Leone
83%
2,1 mLoméTogo
83%
2,6 mMaputoMozambique
83%
1,7 mMonroviaLiberia
83%
2,3 mConakryGuinea
82%
1,9 mN'DjamenaChad
77%
2,6 mLilongweMalawi
74%
3,0 mOuagadougouBurkina Faso
74%
2,8 mDoualaCameroon
68%
5,9 mIbadanNigeria
65%
2,6 mBenin CityNigeria
56%
2,3 mPort HarcourtNigeria
55%
2,5 mKumasiGhana
50%
2,1 mLubumbashiDR Congo
48%
2,4 mCotonouBenin
42%
2,2 mKadunaNigeria
26%
3,4 mMbuji-MayiDR Congo
24%
1,7 mAbaNigeria
23%
1,7 mOnitshaNigeria
18%
1,6 mKisanganiDR Congo
15%
2,1 mOsogboNigeria
5%

Score Distribution

Percentile by Number Answered

Percent of People with Each Score

Your Score History

You have not taken this quiz